000 00344nam a2200145Ia 4500
008 150201s1987 xx 000 0 und d
082 _a617.645
_bD1987M
100 _aMCDONALD
245 _aDENTISTRY FOR CHILD & ADOLSCENT
250 _a5TH
260 _bMOSBY
_aNEW DELHI
_c1987
300 _a1-937
650 _aPEDODONTICS
942 _2ddc
_cBK
999 _c3204
_d3204